00339nam a2200145Ia 4500008004100000020001800041041000800059082001900067100001400086245002600100250000800126260004000134300000900174500001000183220803s9999 xx 000 0 und d a9780470934326 aeng a307.760973 JON aJones E D aRetrofitting Suburbia a2nd aNew JersaybWiley Publicationc2011 a256p aDIGIT